000 01443nam a22003617a 4500
003 CHAP
005 20220329133223.0
008 971013s1991 mx r 00010 spa d
010 _a3553
011 _a4525
035 _a3729
040 _cCHAP
090 _aFolleto 12811
100 0 0 _aChávez Olayo, David.
_922745
245 1 0 _aBases biológicas sobre el crecimiento e incremento de las masas forestales
_c/por David Chávez Olayo, Santiago Daniel Sánchez Ávila y Víctor Manuel Cetina Alcalá
260 _aPuebla, Pue. :
_bUniversidad Popular Autónoma del Estado de Puebla, Escuela de Fitotecnia,
_c1991
300 _a63 p
590 _aBATCH-UPD
_b10
_c20130109
_lUCH01
_h2352
590 _aBATCH-UPD
_b10
_c20130110
_lUCH01
_h1216
590 _aBATCH-UPD
_b10
_c20130409
_lUCH01
_h1924
590 _aBATCH-UPD
_b10
_c20130410
_lUCH01
_h0753
590 _aBATCH-UPD
_b10
_c20130914
_lUCH01
_h0332
590 _aCONVERSION
_b10
_c20130109
_lUCH01
_h1303
650 1 4 _aAnillos de crecimiento.
_95845
650 1 4 _aÁrboles
_xCrecimiento.
_96583
700 0 _aCetina Alcalá, Víctor Manuel.
_921655
700 0 _aSánchez Avila, Santiago Daniel.
_9107344
901 _aBK
942 _cFOLL
949 _aFolleto 12811
_bBC
_cFOLL
_d33724002064827
_eTS1
_gDonaciØn
_i3729
_sb
949 _aFolleto 12811
_bBC
_cFOLL
_d33724002065256
_eTS2
_fc.2
_gDonaciØn
_i3729
_sb
949 _aFolleto 12811
_bBC
_cFOLL
_d33724002065298
_eTS2
_fc.3
_gDonaciØn
_i3729
_sb
999 _c3553
_d3553